01437nam a2200385 i 450000100060000000300090000600500170001500800410003201500180007302000150009104000280010604600090013408000110014308000100015408000120016410000410017624500960021726000610031330000480037433600270042233700540044933800280050338000160053138800100054750400260055752101390058365000260072265000360074865500300078465800260081465800300084070000350087071000480090585600980095354410KOSZ 00520221215082514.0060130s2005 pl a f |000 0 pol  aPB 2006/10613 a8373352899 cWA NaWA NdKOSZ 005/HR k2005 a005.51 a658.7 a(075.8)1 aBendkowski, Józefd(1933- )eAutor10aLogistyka zaopatrzenia w przedsiębiorstwie /cJózef Bendkowski, Grażyna Radziejowska. aGliwice :bWydawnictwo Politechniki Śląskiej,c2005. a242, [2] s. :bil. (w tym kolor.) ;c24 cm. 2rdacontentaTekstbtxt 2rdamediaaBez urządzenia pośredniczącegobn 2rdacarrieraWoluminbnc aKsiążki a2001- aBibliogr. przy rozdz.8 aDla studentów uczelni technicznych, kierunków kształcenia: zarządzanie i marketing oraz zarządzanie i inżynieria produkcji. 4aLogistyka gospodarcza 4aZaopatrzenie przedsiębiorstwa 4aPodręczniki akademickie aTransport i logistyka aZarządzanie i marketing1 aRadziejowska, GrażynaeAutor2 aWydawnictwo Politechniki Śląskiej4pbl. uhttp://koha.tu.koszalin.pl/cgi-bin/koha/opac-detail.pl?biblionumber=54410yKatalog online BPK